Dove giocava nel 2010-2011? - Quiz n°10 - Statistics

Statistiche generali
  • Questo quiz è stato fatto 49 volte
  • Il punteggio medio è 7 su 10
Statistiche sulle risposte
Hint Risposta % Corretto
Didier Drogba Chelsea
100%
Fernando Torres Liverpool
100%
Zlatan Ibrahimović Milan
100%
Andrej Kramarić Dinamo Zagabria
95%
Giacomo Bonaventura Atalanta
90%
Alessandro Diamanti Brescia
83%
Franco Armani Atlético Nacional
75%
James Rodríguez Porto
70%
Marcos Alonso Bolton
13%
Luca Cigarini Siviglia
13%
Nessun quiz corrispondente trovato
Distribuzione punteggi
Percentuale di utenti per punteggio
Percentile per numero di risposta
I tuoi punteggi nel tempo
Non hai fatto questo quiz